000 00543nam a2200181Ia 4500
003 OSt
005 20260105151745.0
008 210210b1954 xxu||||| |||| 00| 0 eng d
040 _cAL
041 _aKannada
082 _a859/1613
100 _aRUDRAMUNISVAMI (P M)
_9156035
_dರುದ್ರಮುನಿಸ್ವಾಮಿ (ಪಿ ಎಂ).
245 _aMullina hasige:
_bಮುಳ್ಳಿನ ಹಾಸಿಗೆ
260 _aMaisuru
_bBharati Prakashana
_c1954
690 _aKannada Fiction
_9156036
906 _a022337
942 _2ddc
_cBK
999 _c146655
_d146655